El inventor de juegos / (Registro nro. 608)
[ vista simple ]
| 000 -LEADER | |
|---|---|
| fixed length control field | 00635nam a22002297a 4500 |
| 003 - CONTROL NUMBER IDENTIFIER | |
| control field | AR-RoUNCS |
| 005 - DATE AND TIME OF LATEST TRANSACTION | |
| control field | 20250924160334.0 |
| 008 - FIXED-LENGTH DATA ELEMENTS--GENERAL INFORMATION | |
| fixed length control field | 250924t2014 ag |||||r|||| 00| f spa d |
| 020 ## - INTERNATIONAL STANDARD BOOK NUMBER | |
| International Standard Book Number | 978-950-46-3363-1 |
| 040 ## - CATALOGING SOURCE | |
| Transcribing agency | AR-RoUNCS |
| 080 ## - UNIVERSAL DECIMAL CLASSIFICATION NUMBER | |
| Authority record control number or standard number | 82-32(82) |
| 100 1# - MAIN ENTRY--PERSONAL NAME | |
| Personal name | De Santis, Pablo, |
| Dates associated with a name | 1963- |
| Relator term | autor |
| 245 13 - TITLE STATEMENT | |
| Title | El inventor de juegos / |
| Statement of responsibility, etc. | Pablo De Santis. |
| 250 ## - EDITION STATEMENT | |
| Edition statement | 1a ed., 2a reimp. |
| 260 ## - PUBLICATION, DISTRIBUTION, ETC. | |
| Place of publication, distribution, etc. | Buenos Aires : |
| Name of publisher, distributor, etc. | Alfaguara, |
| Date of publication, distribution, etc. | 2018. |
| 300 ## - PHYSICAL DESCRIPTION | |
| Extent | 224 p. : |
| Other physical details | il. ; |
| Dimensions | 23 cm. |
| 490 0# - SERIES STATEMENT | |
| Series statement | Serie Roja. |
| 650 #4 - SUBJECT ADDED ENTRY--TOPICAL TERM | |
| Topical term or geographic name entry element | LITERATURA ARGENTINA |
| 650 #4 - SUBJECT ADDED ENTRY--TOPICAL TERM | |
| Topical term or geographic name entry element | LITERATURA INFANTIL |
| 655 #4 - INDEX TERM--GENRE/FORM | |
| Genre/form data or focus term | NOVELA FANTÁSTICA |
| 942 ## - ADDED ENTRY ELEMENTS (KOHA) | |
| Source of classification or shelving scheme | Universal Decimal Classification |
| Koha item type | Libro de préstamo a domicilio |
| Suppress in OPAC | No |
| Withdrawn status | Lost status | Source of classification or shelving scheme | Damaged status | Not for loan | Collection | Home library | Current library | Date acquired | Source of acquisition | Total checkouts | Full call number | Barcode | Date last seen | Price effective from | Koha item type |
|---|---|---|---|---|---|---|---|---|---|---|---|---|---|---|---|
| Universal Decimal Classification | Colección General | Biblioteca Escuela de Ciencias Sociales | Biblioteca Escuela de Ciencias Sociales | 24/09/2025 | Donación 2024 | 82-32(82) D441 | 001448 | 24/09/2025 | 24/09/2025 | Libro de préstamo a domicilio |